| 000 | 00808nam a2200181 a 4500 | ||
|---|---|---|---|
| 001 | 000040361 | ||
| 005 | 20201002034101.0 | ||
| 008 | 130822s2006 mx 000 0 spa d | ||
| 020 | _a970321648X | ||
| 040 |
_aDO-SdBNP _bspa _cBNPHU |
||
| 100 | 1 |
_aVargas López, Ramón _966660 |
|
| 245 | 1 | 0 |
_aDiario de un cura de puebloy relación de los señores curas que han servido la parroquia de Nuestra Señora de la Asunción de Tlatlauqui, escrita por el señor cura / _cRamón Vargas López ; edición de Ernesto de la Torre Villar. |
| 260 |
_aMéxico : _bUNAM-Instituto de Investigaciones Históricas : INAH, _c2006. |
||
| 300 |
_a187 p. ; _c18 cm. |
||
| 700 | 1 |
_aTorre Villar, Ernesto de la, _eed. _966281 |
|
| 700 | 1 |
_aNavarro de Anda, Ramiro. _966661 |
|
| 710 | 2 |
_aUniversidad Nacional Autónoma de México _942447 |
|
| 999 |
_c39851 _d39851 |
||